000 00611nam a2200205 a 4500
001 12384
003 CO-ViMGA
008 141112s2004 ck r 000 u spa d
040 _aCO-ViMGA
_bspa
_cCO-ViMGA
082 0 4 _a342.06 C717a
100 1 _aMadrid, Malo Mario
_917736
245 1 0 _aCodigo Contencioso Administrativo
260 _aBogotá :
_bLegis 1985
300 _a475p.
590 _aForma de adquisición : Donación - - Fecha de adquisición : 05 - 19 - 2000
650 1 4 _aDERECHO ADMINISTRATIVO
650 1 4 _aLEGISLACION
_99193
650 1 4 _aPROCEDIMIENTO ADMINISTRATIVO
_917737
942 _2ddc
_cBK
999 _c23393
_d23393